000 00758cam a22002533a 4500
001 21984
003 PGUSA
005 20140828083452.0
008 070702s2007||||xxu|||||s|||||000 | eng d
040 _aPGUSA
_beng
042 _adc
050 4 _aGV
100 1 _aKemp, William, active 1600
245 1 0 _aKemps Nine Daies Wonder :
_bPerformed in a Daunce from London to Norwich
_h[electronic resource] /
_cWilliam, active 1600 Kemp
260 _bProject Gutenberg,
_c2007
506 _aPublic domain in the USA.
516 _aElectronic text
653 _aDance -- England
653 _aMorris dance
700 1 _aDyce, Alexander,
_d1798-1869
830 0 _aProject Gutenberg
_v21984
856 4 0 _uhttp://www.gutenberg.org/ebooks/21984
942 _cEB
999 _c251239
_d251239